[Event "Calvia Amateur op 13th"]
[Site "Calvia"]
[Date "2016.10.10"]
[Round "3"]
[White "Baatz, Karl Heinz"]
[Black "Courthaudon, Philippe"]
[Result "1-0"]
[WhiteElo "1843"]
[BlackElo "1515"]
[PlyCount "29"]
[EventDate "2016.10.08"]
[EventType "swiss"]
[EventRounds "9"]
[EventCountry "ESP"]
[SourceTitle "CBM 175 Extra"]
[Source "ChessBase"]
[SourceDate "2016.12.12"]
[SourceVersion "1"]
[SourceVersionDate "2016.12.12"]
[SourceQuality "1"]

1. e4 g6 2. Nc3 Bg7 3. f4 d6 4. Nf3 e6 5. Be2 Ne7 6. 0-0 b6 7. Qe1 Nd7 8. Qg3 Bb7 9. d3 0-0 10. Qh3 a6 11. f5 exf5 12. Bh6 f6 13. Bxg7 Kxg7 14. Nd4 fxe4 15. Ne6+ 1-0

[Event "Rostock SSC op 13th"]
[Site "Rostock"]
[Date "2014.07.24"]
[Round "3"]
[White "Baatz, Karl Heinz"]
[Black "Ivanov, Sergey"]
[Result "1/2-1/2"]
[WhiteElo "1807"]
[BlackElo "2548"]
[PlyCount "43"]
[EventDate "2014.07.23"]
[EventType "swiss"]
[EventRounds "7"]
[EventCountry "GER"]
[SourceTitle "EXT 2018"]
[Source "ChessBase"]
[SourceDate "2017.10.13"]
[SourceVersion "1"]
[SourceVersionDate "2017.10.13"]
[SourceQuality "1"]

1. e4 e6 2. d4 d5 3. Nc3 Nf6 4. Bg5 dxe4 5. Bxf6 gxf6 6. Nxe4 Be7 7. Nf3 f5 8. Ng3 c5 9. Bb5+ Bd7 10. Bxd7+ Nxd7 11. 0-0 Nb6 12. Qe2 Qd5 13. dxc5 Qxc5 14. Rad1 Rd8 15. Rxd8+ Bxd8 16. b4 Qe7 17. Re1 a6 18. Qe5 Rg8 19. Nxf5 Qxb4 20. N3d4 Bf6 21. Qb8+ Bd8 22. Qe5 1/2-1/2

[Event "Calvia Amateur op 10th"]
[Site "Calvia"]
[Date "2013.10.09"]
[Round "5"]
[White "Svensson, Mikael"]
[Black "Baatz, Karl Heinz"]
[Result "1-0"]
[WhiteElo "2036"]
[BlackElo "1807"]
[PlyCount "41"]
[EventDate "2013.10.05"]
[EventType "swiss"]
[EventRounds "9"]
[EventCountry "ESP"]
[SourceTitle "EXT 2014"]
[Source "ChessBase"]
[SourceDate "2013.11.20"]
[SourceVersion "1"]
[SourceVersionDate "2013.11.20"]
[SourceQuality "1"]

1. e4 Nf6 2. Nc3 e5 3. g3 d5 4. exd5 Nxd5 5. Bg2 Nxc3 6. bxc3 Nc6 7. Nf3 Be7 8. 0-0 f5 9. Bb2 0-0 10. Qe2 Bf6 11. d3 Qe8 12. Rfe1 Qh5 13. Qe3 Bd7 14. Rab1 Rae8 15. Qc5 Qh6 16. Bc1 f4 17. Rxb7 Nd8 18. Rxc7 Bh3 19. Qd5+ Kh8 20. Ba3 Bxg2 21. Kxg2 1-0

[Event "Berlin Lichtenberger op 11th"]
[Site "Berlin"]
[Date "2012.08.25"]
[Round "8"]
[White "Baatz, Karl Heinz"]
[Black "Soliva Ruiz, Ramon"]
[Result "1/2-1/2"]
[WhiteElo "1807"]
[BlackElo "1620"]
[PlyCount "81"]
[EventDate "2012.08.18"]
[EventType "swiss"]
[EventRounds "9"]
[EventCountry "GER"]
[SourceTitle "CBM 150 Extra"]
[Source "ChessBase"]
[SourceDate "2012.10.19"]
[SourceVersion "1"]
[SourceVersionDate "2012.10.19"]
[SourceQuality "1"]

1. e4 c5 2. Nf3 d6 3. c3 Nc6 4. h3 Nf6 5. Bd3 g6 6. Bc2 Bg7 7. 0-0 0-0 8. a3 b6 9. Qe2 Qc7 10. d4 Nh5 11. Be3 Kh8 12. Nbd2 e5 13. dxe5 dxe5 14. Kh2 f5 15. Bg5 Ne7 16. Kg1 f4 17. Bxe7 Qxe7 18. Nh2 Qe8 19. Bd1 a5 20. a4 Ra7 21. Qb5 Qxb5 22. axb5 Nf6 23. Re1 Be6 24. c4 Rd7 25. Nhf3 Nh5 26. Be2 Bf6 27. b3 g5 28. Nh2 Rg8 29. Rad1 Rdg7 30. f3 Ng3 31. Ndf1 Nxf1 32. Kxf1 Be7 33. Rc1 h5 34. Bd1 Rd8 35. Rc2 Bf6 36. Be2 Rgd7 37. Rec1 Kg7 38. Ke1 Kg6 39. Rd1 Kh6 40. Rcd2 Rxd2 41. Rxd2 1/2-1/2

[Event "Berlin Lichtenberger op 11th"]
[Site "Berlin"]
[Date "2012.08.18"]
[Round "1"]
[White "Vogel, Robert"]
[Black "Baatz, Karl Heinz"]
[Result "1-0"]
[WhiteElo "2258"]
[BlackElo "1807"]
[PlyCount "87"]
[EventDate "2012.08.18"]
[EventType "swiss"]
[EventRounds "9"]
[EventCountry "GER"]
[SourceTitle "CBM 150 Extra"]
[Source "ChessBase"]
[SourceDate "2012.10.19"]
[SourceVersion "1"]
[SourceVersionDate "2012.10.19"]
[SourceQuality "1"]

1. d4 d5 2. c4 e6 3. Nc3 f5 4. Nf3 Nf6 5. Bf4 c6 6. e3 Be7 7. Bd3 0-0 8. 0-0 a5 9. Rc1 Ne4 10. Bxe4 fxe4 11. Ne5 Nd7 12. f3 exf3 13. Rxf3 Bf6 14. Qe2 Nxe5 15. dxe5 Bg5 16. Rd1 Qe7 17. Bxg5 Qxg5 18. Rxf8+ Kxf8 19. Qf3+ Kg8 20. e4 dxc4 21. Na4 b5 22. Nc5 h6 23. Qg3 Qxg3 24. hxg3 b4 25. Kf2 Rb8 26. Ke3 Rb5 27. Kd4 c3 28. bxc3 bxc3 29. a4 Rb6 30. Kxc3 Kf7 31. Rd8 Ba6 32. Ra8 Bf1 33. Rxa5 Bxg2 34. Ra7+ Kg6 35. a5 Rb5 36. Nxe6 Rxe5 37. Nf4+ Kf6 38. Nxg2 Rxe4 39. a6 Ra4 40. Kb3 Ra1 41. Ne3 h5 42. Nc4 Rg1 43. Ra8 Rxg3+ 44. Kb4 1-0

[Event "Calvia Amateur op 8th"]
[Site "Calvia"]
[Date "2011.10.11"]
[Round "4"]
[White "Mercant Simo, Jaime"]
[Black "Baatz, Karl Heinz"]
[Result "1-0"]
[WhiteElo "2083"]
[BlackElo "1817"]
[PlyCount "63"]
[EventDate "2011.10.08"]
[EventType "swiss"]
[EventRounds "9"]
[EventCountry "ESP"]
[SourceTitle "CBM 144 Extra"]
[Source "ChessBase"]
[SourceDate "2011.10.28"]
[SourceVersion "1"]
[SourceVersionDate "2011.10.28"]
[SourceQuality "1"]

1. e4 Nf6 2. e5 Nd5 3. c4 Nb6 4. c5 Nd5 5. Nc3 e6 6. Nxd5 exd5 7. d4 d6 8. cxd6 cxd6 9. Nf3 Nc6 10. Bd3 Be7 11. 0-0 dxe5 12. dxe5 Be6 13. a3 0-0 14. Qa4 a6 15. Bb1 Rc8 16. h3 Na5 17. Bd2 Nc4 18. Bc3 Qd7 19. Qc2 g6 20. Qc1 Qc7 21. Qh6 Qd8 22. h4 Re8 23. Ng5 Bxg5 24. hxg5 d4 25. Rd1 Qc7 26. Rxd4 Nxe5 27. Rh4 f6 28. gxf6 Ng4 29. Rxg4 Bxg4 30. Bxg6 hxg6 31. Qxg6+ Kf8 32. Bb4+ 1-0